| 000 | 00808nam a2200193 a 4500 | ||
|---|---|---|---|
| 008 | 120416s1982 ||||||||||||||||| || u | ||
| 020 | _a915403731X | ||
| 050 | _aZ 7164.H8 Sch | ||
| 100 | _aChanda, Jairus | ||
| 245 | 1 | 0 | _aBibliography on human settlements with emphasis on households and residential environment - Zambia |
| 260 |
_aStockholm: _bSCBR _c1982 |
||
| 300 | _a137p. | ||
| 350 | _a0.00 | ||
| 650 | _aZAMBIA | ||
| 650 | _aHUMAN SETTLEMENTS--ZAMBIA--BIBLIOGRAPHY | ||
| 700 | _aSchlyter, Ann | ||
| 995 |
_aSPECIAL COLLECTIONS _D0.00 _e711231 _FCBU-MAIN LIBRARY (Kitwe) _H1 _I0.00 _jZAM Z 7164.H8 SCH _M2 _UAVAILABLE _WOct 3, 2007 _y55663 _ZZambiana Collection |
||
| 995 |
_aSPECIAL COLLECTIONS _D0.00 _e705425 _FCBU-MAIN LIBRARY (Kitwe) _H2 _I20.00 _jZAM Z 7164.H8 SCH _M1 _UAVAILABLE _y56071 _ZZambiana Collection |
||
| 999 |
_c84629 _d84629 |
||